<?xml version="1.0" encoding="UTF-8"?><?xml-stylesheet type="text/xsl" href="static/style.xsl"?><OAI-PMH xmlns="http://www.openarchives.org/OAI/2.0/" xmlns:xsi="http://www.w3.org/2001/XMLSchema-instance" xsi:schemaLocation="http://www.openarchives.org/OAI/2.0/ http://www.openarchives.org/OAI/2.0/OAI-PMH.xsd"><responseDate>2026-04-17T20:44:25Z</responseDate><request verb="GetRecord" identifier="oai:riubu.ubu.es:10259/10208" metadataPrefix="marc">https://riubu.ubu.es/oai/request</request><GetRecord><record><header><identifier>oai:riubu.ubu.es:10259/10208</identifier><datestamp>2025-02-12T23:01:42Z</datestamp><setSpec>com_10259_2699</setSpec><setSpec>col_10259_2703</setSpec></header><metadata><record xmlns="http://www.loc.gov/MARC21/slim" xmlns:doc="http://www.lyncode.com/xoai" xmlns:xsi="http://www.w3.org/2001/XMLSchema-instance" xmlns:dcterms="http://purl.org/dc/terms/" xsi:schemaLocation="http://www.loc.gov/MARC21/slim http://www.loc.gov/standards/marcxml/schema/MARC21slim.xsd">
<leader>00925njm 22002777a 4500</leader>
<datafield tag="042" ind1=" " ind2=" ">
<subfield code="a">dc</subfield>
</datafield>
<datafield tag="720" ind1=" " ind2=" ">
<subfield code="a">Sáez Pascual, Beatriz</subfield>
<subfield code="e">author</subfield>
</datafield>
<datafield tag="260" ind1=" " ind2=" ">
<subfield code="c">2024</subfield>
</datafield>
<datafield tag="520" ind1=" " ind2=" ">
<subfield code="a">La presente investigación tiene como objetivo analizar en una muestra de personas autóctonas, desde la etapa de la adolescencia a la adultez, la presencia de actitudes racistas, comportamientos basados en prejuicios, tanto sutiles como manifiestos, el tipo de emociones expresadas hacia las personas inmigrantes y la satisfacción con la vida de estos. Para ello se aplicó un cuestionario en diferentes centros educativos y asociaciones que trabajan con personas inmigrantes y refugiadas que evaluaba las actitudes, prejuicios, emociones, el racismo de las personas autóctonas hacia los inmigrantes y la satisfacción con la vida de estos. Los resultados muestran que variables sociodemográficas son predictores del racismo moderno, los niveles de prejuicio varían según la edad; las actitudes varían respecto del nivel de estudios. Y, que la satisfacción con la vida entre otras tiene relación con la practicidad religiosa.</subfield>
</datafield>
<datafield tag="024" ind2=" " ind1="8">
<subfield code="a">http://hdl.handle.net/10259/10208</subfield>
</datafield>
<datafield tag="024" ind2=" " ind1="8">
<subfield code="a">10.36443/10259/10208</subfield>
</datafield>
<datafield ind1=" " ind2=" " tag="653">
<subfield code="a">Prejuicio</subfield>
</datafield>
<datafield ind1=" " ind2=" " tag="653">
<subfield code="a">Emociones</subfield>
</datafield>
<datafield ind1=" " ind2=" " tag="653">
<subfield code="a">Actitudes</subfield>
</datafield>
<datafield ind1=" " ind2=" " tag="653">
<subfield code="a">Racismo moderno</subfield>
</datafield>
<datafield ind1=" " ind2=" " tag="653">
<subfield code="a">Satisfacción con la vida</subfield>
</datafield>
<datafield ind1=" " ind2=" " tag="653">
<subfield code="a">Prejudice</subfield>
</datafield>
<datafield ind1=" " ind2=" " tag="653">
<subfield code="a">Emotions</subfield>
</datafield>
<datafield ind1=" " ind2=" " tag="653">
<subfield code="a">Attitudes</subfield>
</datafield>
<datafield ind1=" " ind2=" " tag="653">
<subfield code="a">Modern racism</subfield>
</datafield>
<datafield ind1=" " ind2=" " tag="653">
<subfield code="a">Satisfaction with life</subfield>
</datafield>
<datafield tag="245" ind1="0" ind2="0">
<subfield code="a">Emociones, actitudes, y prejuicio sutil y manifiesto en torno al racismo moderno: la perspectiva de las personas autóctonas e inmigrantes</subfield>
</datafield>
</record></metadata></record></GetRecord></OAI-PMH>